Les pays visités par James Bond - Statistiques

Statistiques générales
  • Ce quiz a été pris 1 915 fois
    569 depuis la dernière actualisation
  • Le résultat moyen est 28 sur 45
Statistiques - réponses
# de fois Pays % Correct
6 France
99%
23 Royaume-Uni
99%
8 États-Unis
98%
6 Russie / URSS
96%
7 Italie
95%
2 Espagne
94%
4 Chine / Hong Kong
92%
3 Japon
92%
1 Brésil
89%
2 Mexique
89%
2 Allemagne
88%
1 Inde
81%
2 Portugal
80%
2 Égypte
79%
3 Suisse
78%
2 Maroc
77%
3 Turquie
72%
1 Afrique du Sud
71%
4 Autriche
69%
1 Grèce
69%
1 Corée du Sud
67%
3 Cuba
67%
1 Pays-Bas
64%
1 Thaïlande
59%
1 Corée du Nord
57%
1 Viêt Nam
55%
1 Monaco
54%
2 Islande
53%
1 Croatie
49%
1 République Tchèque
49%
1 Jamaïque
47%
1 Serbie
43%
1 Slovaquie
42%
1 Afghanistan
40%
1 Albanie
39%
2 Bahamas
39%
1 Haïti
37%
1 Bolivie
34%
1 Kazakhstan
34%
1 Liban
34%
1 Madagascar
32%
1 Taïwan
31%
1 Monténégro
30%
1 Azerbaïdjan
20%
1 Ouganda
9%
Aucun quiz correspondant
Distribution des résultats
% des personnes avec chaque résultat
Percentile par nombre de réponses
Votre historique - résultats
Vous n’avez pas pris ce quiz depuis la dernière actualisation